000 00516cam a2200193ua 4500
001 3442
005 20260515113658.0
008 111105n ii |||gr||||Z||||||asm
040 _cMAIN
082 _a491.4515
100 _aSharma, Mukunda Madhava,
245 1 1 _aAsamiya la Baroh asamiya hikai ki
_cby Mukunda Madhava Sharma
250 _a1st.
260 _aJorhat:
_bAssam sahitya sabha,965.
300 _a107p:
_c23cm.
653 _aAssamese Grammar
653 _aAsamiya la Baroh asamiya hikai ki
942 _cBK
999 _c3283
_d3283